| 000 | 00495nam a22001337a 4500 | ||
|---|---|---|---|
| 003 | OSt | ||
| 082 |
_a631.37 _bARU/DE |
||
| 100 |
_aArunima, P. G _aShana Sherin, C. P _aShijil, M _aVarun Raveendranathan _94685 |
||
| 245 | _aDesign of self-propelled variable rate paddy seeder | ||
| 260 |
_aTavanur _bDepartment of Farm Machinery Power Engineering _c2020 |
||
| 700 |
_aSanchu Sukumaran _94686 |
||
| 856 | _uhttps://drive.google.com/file/d/1PBP2oIxtH_LmRh1n4OfBKH5txje3q7aR/view?usp=sharing | ||
| 942 | _cPR | ||
| 999 |
_c16309 _d16309 |
||